02061nam a2200433 a 4500001001200000003000800012006001900020007001500039008004100054010001700095020003900112020003800151020002700189040002100216035002100237043002100258050002700279082002300306100004200329245014200371260003200513300002300545504005100568505033500619533015200954650003701106650003001143650004501173650003301218650002601251651004701277651004001324651003701364651003701401655002901438710001701467856012601484999001701610ebr10640267CaPaEBRm u cr cn|||||||||120706s2013 nyud sb 001 0 eng d z 2012027611 z9780801451164 (cloth : alk. paper) z9780801478093 (pbk. : alk. paper) z9780801468056 (e-book) aCaPaEBRcCaPaEBR a(OCoLC)829387577 an-us---an-mx---14aHD9437.U62bS49 2013eb04a338.1/765009732231 aSchwartzman, Kathleen Crowley,d1948-14aThe chicken trailh[electronic resource] :bfollowing workers, migrants, and corporations across the Americas /cKathleen C. Schwartzman. aIthaca :bILR Press,c2013. axx, 202 p. :bill. aIncludes bibliographical references and index.0 aWhy follow chickens? -- Ethnic succession in the south -- Where have all the workers gone? -- Taylorism invades the hen house -- Solving industry crises : pollos y polleros -- Squeezing out Mexican chicken -- Voice : squawking at globalization -- Exit Mexico : si muero lejos de ti -- The global dilemma : summary and reflections. aElectronic reproduction.bPalo Alto, Calif. :cebrary,d2013.nAvailable via World Wide Web.nAccess may be limited to ebrary affiliated libraries. 0aChicken industryzUnited States. 0aChicken industryzMexico. 0aForeign workers, MexicanzUnited States. 0aUnemploymentzUnited States. 0aUnemploymentzMexico. 0aUnited StatesxEmigration and immigration. 0aMexicoxEmigration and immigration. 0aUnited StatesxCommercezMexico. 0aMexicoxCommercezUnited States. 7aElectronic books.2local2 aebrary, Inc.40uhttp://site.ebrary.com/lib/rucke/Doc?id=10640267zAn electronic book accessible through the World Wide Web; click to view c48416d48416